| 000 | 02209nam a2200349 a 4500 | ||
|---|---|---|---|
| 001 | ebr10470659 | ||
| 003 | CaPaEBR | ||
| 006 | m u | ||
| 007 | cr cn||||||||| | ||
| 008 | 101220s2011 ne sb 001 0deng d | ||
| 010 | _z 2010052744 | ||
| 020 | _z9789004202344 (alk. paper) | ||
| 020 | _z9789004210073 (e-book) | ||
| 040 |
_aCaPaEBR _cCaPaEBR |
||
| 035 | _a(OCoLC)729246438 | ||
| 050 | 1 | 4 |
_aPA6614 _b.P55 2011eb |
| 082 | 0 | 4 |
_a500 _222 |
| 245 | 0 | 0 |
_aPliny the Elder _h[electronic resource] : _bthemes and contexts / _cedited by Roy K. Gibson, Ruth Morello. |
| 260 |
_aLeiden ; _aBoston : _bBrill, _c2011. |
||
| 300 | _axiv, 248 p. | ||
| 490 | 1 |
_aMnemosyne supplements. Monographs on Greek and Latin language and literature, _x0169-8958 ; _vv. 329 |
|
| 504 | _aIncludes bibliographical references and indexes. | ||
| 505 | 0 | _aPliny the Elder's attitude to warfare / Rhiannon Ash -- Roman's burden / Andrew Fear -- Luxury and the creation of a good consumer / Eugenia Lao -- Imperialism, mirabilia, and knowledge: some paradoxes in the Naturalis historia / Valerie Naas -- Curious eye of the Elder Pliny / Mary Beagon -- Philosophy and science in the Elder Pliny's Naturalis historia / Ernesto Paparazzo -- Science and aesthetics of names in the Naturalis historia / Aude Doody -- Pliny on Apion / Cynthia Damon -- Pliny and the encyclopaedic addressee / Ruth Morello -- Encylcopaedic exemplarity in Pliny the Elder / Clemence Schultze -- Elder and better: the Naturalis historia and the letters of the younger Pliny / Roy K. Gibson -- Vita Plinii / Michael Reeve. | |
| 533 |
_aElectronic reproduction. _bPalo Alto, Calif. : _cebrary, _d2011. _nAvailable via World Wide Web. _nAccess may be limited to ebrary affiliated libraries. |
||
| 600 | 0 | 0 |
_aPliny, _cthe Elder. _tNaturalis historia. |
| 655 | 7 |
_aElectronic books. _2local |
|
| 700 | 1 | _aGibson, Roy K. | |
| 700 | 1 | _aMorello, Ruth. | |
| 710 | 2 | _aebrary, Inc. | |
| 830 | 0 |
_aMnemosyne, bibliotheca classica Batava. _pSupplementum. _pMonographs on Greek and Roman language and literature ; _vv. 329. |
|
| 856 | 4 | 0 |
_uhttp://site.ebrary.com/lib/rucke/Doc?id=10470659 _zAn electronic book accessible through the World Wide Web; click to view |
| 999 |
_c115214 _d115214 |
||